1435 1187 1023 1239 1048 1843 1499 1356 1668 1662 1482 1269 1485 1063 1070 1829 1433 1760 1833 1739 1173 1634 1511 1683 1428 1065 1456 1810 1835 1188 1141 1411 1034 1032 1170 1748 1353 1016 1373 1042 1043 1712 1443 1441 1394 1183 1647 1111 1765 1548 1915 1278 1678 1132 1994 1852 1283 1537 1084 1004 1607 1015 1781 1934 1270 1480 1777 1453 1052 1505 1761 1083 1920 1771 1597 1484 1963 1457 1625 1288 1873 1080 1526 1104 1119 1624 1967 1925 1327 1891 1470 1128 1874 1175 1977 1394 1231 1499 1008 BCNSPRNW ULIB Ver.6.0+V

เปลี่ยนเป็นภาษาไทย

Change to English
 แสดงรายละเอียดบรรณานุกรม
  กลับหน้าหลัก

Brief Record : Get Marc (ISO 2709) : E-mail record : QR code < ปิดหน้าต่าง
LEADER : 00000nam 2200000uu 4500
001    13399112153
003     ULIB
008    110627s2550||||th 000 0 tha d
020    9789747503968
090    นว.^bน283อ 2550
100 0  นลัท
245 00 อุ่นไอ ใต้เงารัก/^cนลัท
250    พิมพ์ครั้งที่ 2
260    กรุงเทพฯ :^bแจ่มใส,^c2550
300    370 หน้า
710 1  แจ่มใส
945    ^p229^l0^i022025
995    ทศพร
999 ^a ใช้งานได้ทุกระบบ
รายการนี้ยังไม่มีแท็ก
คุณยังไม่ได้ล็อกอิน คุณสามารถมีกิจกรรมร่วมกับเว็บไซต์ได้ แต่ต้องล็อกอินก่อน ::
  ล็อกอิน

รายการสื่อสารสนเทศ

ลำดับที่ ประเภท เลขเรียก/บาร์โค้ด สถานที่ สถานะ
- ไม่พบข้อมูล -

รายการใกล้เคียง
    ผู้แต่ง [นลัท]

BibComment


ยังไม่เคยถูกคอมเมนท์

คอมเมนท์ทรัพยากรรายการนี้
  คอมเมนท์: อุ่นไอ ใต้เงารัก ..


 Copyright 2026. Bcnsprnw @Library